000 00421nam a22001697a 4500
999 _c6402
_d6402
003 OSt
005 20190116191158.0
008 190116b ||||| |||| 00| 0 eng d
040 _cDLC
082 _a225.9
_bM612P
100 _aMeyer, F. B.
245 _aPeter the Man /
_cF. B. Meyer.
260 _aWestchester, Illinois, :
_bGood News Publ.
_cc1959.
300 _a64. p:
651 _aChristian Faith.
942 _2ddc
_cBK